000 00722nam a2200289Ia 4500
008 171120s9999 xx 000 0 und d
020 _a9.7814748145e+012
050 _a591
050 _bM849 2015
100 _aMorgan, Sally
245 _aAnimals :
245 _bincredible but true facts /
245 _cby Sally Morgan.
260 _aNew York :
260 _bParragon,
260 _c2015
300 _a215 pages :
300 _bcolor illustrations ;
300 _c26cm.
500 _aIncludes glossary and index.
650 _aAnimals --
650 _aAnimals --
650 _aAnimals.
650 _xJuvenile literature.
650 _xMiscellanea -- Juvenile literature.
700 _aTitle.
999 _c345196
_d345196